Memoria histórica sobre los sucesos ocurridos desde la caída de D. Bernardo O'Higgins en 1823 hasta la promulgación de la Constitución dictada en el mismo año; Presentada a la Universidad de Chile en la Sesión solemne del 15 de diciembre de 1857, por Domingo Santa María, Miembro de la Facultad de Leyes i Ciencias Políticas i de la de Filosofía i Humanidades

保存先:
書誌詳細
第一著者: Santa María, Domingo Víctor (著者)
フォーマット: 図書
言語:スペイン語
出版事項: Santiago Imprenta del País 1858
版:1a. ed
主題:
タグ: タグ追加
タグなし, このレコードへの初めてのタグを付けませんか!

MARC

LEADER 00000nam a2200000 a 4500
001 UCJ5319
003 CL-VaPUC
008 070124e18580000CL |||||||||||||||||spa|d
082 0 4 |a 983  |b SAN  |2 21 
100 0 |a Santa María, Domingo Víctor  |e author  |9 504235 
245 1 0 |a Memoria histórica sobre los sucesos ocurridos desde la caída de D. Bernardo O'Higgins en 1823 hasta la promulgación de la Constitución dictada en el mismo año; Presentada a la Universidad de Chile en la Sesión solemne del 15 de diciembre de 1857, por Domingo Santa María, Miembro de la Facultad de Leyes i Ciencias Políticas i de la de Filosofía i Humanidades 
250 |a 1a. ed 
300 |a 250 p 
942 |c BK 
945 |d 20070124 00:00:00  |a rinostro 
260 |a Santiago  |b Imprenta del País  |c 1858 
500 |a Advierte errata 
600 0 |a O'higgins Riquelme, Bernardo  |9 387808 
600 0 |a Freire, Ramón  |9 443695 
650 0 |a Historia  |9 255047 
650 0 |a Derecho constitucional   |9 222588 
650 7 |a DOCUMENTOS  |2 CL-VaPUC  |9 366450 
650 0 |a Historia de Chile  |9 265473 
583 |a last modification  |c 20070124 00:00:00  |k Rodrigo Vera 
999 |c 321429  |d 321427 
952 |0 0  |1 0  |4 0  |6 983_000000000000000_SAN_1858  |7 0  |8 X  |9 400160  |a FDOBUD  |b FDOBUD  |d 2019-11-22  |i 1032860  |o 983 SAN 1858  |p 1032860  |r 2019-11-22  |w 2019-11-22  |y BK_X  |k BUD